| 000 | 00472pab a2200181 454500 | ||
|---|---|---|---|
| 008 | 180718b1995 xxu||||| |||| 00| 0 eng d | ||
| 100 | _aArunachalam, M. | ||
| 245 | _aKhadi - pride of place in the economy | ||
| 260 | _c1995 | ||
| 300 | _ap.8,32 | ||
| 362 | _aSep | ||
| 650 | _aRural development - India | ||
| 650 | _aRural industries - India | ||
| 650 | _aCottage industries - India | ||
| 650 | _aIndustrial development | ||
| 773 | _aKurukshetra | ||
| 909 | _a31533 | ||
| 999 |
_c31533 _d31533 |
||